Top 50 des clubs de football les plus chers - Statistics

General Stats
  • This quiz has been taken 106 times
  • The average score is 9 of 50
Answer Stats
Hint Answer % Correct
1st Real Madrid
98%
3rdd Barcelone
82%
7th PSG
82%
6th Bayern Munich
79%
4th Liverpool
67%
18th Inter Milan
66%
12th Borussia Dortmund
54%
9th Chelsea
53%
11th Juve
53%
10th Arsenal
49%
13th Atletico Madrid
45%
33rd Naples
28%
8th Tottenham Hotspur
28%
35th Benfica
22%
30th Ajax
21%
23rd Newcastle
21%
17th Inter Miami
13%
14th Milan AC
13%
29th Brighton
5%
24th Fulham
3%
43rd RB Leipzig
3%
46th Flamengo
2%
21st New York
1%
20th Atalante
0%
28th Austin
0%
44th Bergame Calcio
0%
31st Bois de Portland
0%
36th Charlotte FC
0%
38th Cincinnati
0%
27th DC United
0%
49th Dynamo de Houston
0%
45th Francfort
0%
19th Galaxie de Los Angeles
0%
32nd Guadalajara
0%
2nd Homme Uni
0%
5th Homme Ville
0%
16th Jambon de l'Ouest
0%
15th LAFC
0%
37th L'équipage de Colomb
0%
42nd Les Red Bulls de New York
0%
39th Minnesota United
0%
47th Monterrey
0%
40th Nashville
0%
26th Palais de Cristal
0%
34th Philadelphie
0%
25th Sondeurs de Seattle
0%
41st Sporting de Kansas City
0%
50th Toronto
0%
48th Tremblements de terre à San José
0%
22nd Villa Aston
0%
No matching quizzes found
Score Distribution
Percent of People with Each Score
Percentile by Number Answered
Your Score History
You have not taken this quiz